برمجة بي إل إس كيو إل في أوراكل 9 آي = (رقم التسجيلة. 9550)
[ عرض عادي ]
| 000 -الفاتح | |
|---|---|
| حقل البيانات ثابتة الطول | 01116cam a2200289 a 4500 |
| 003 - محدد رقم الضبط | |
| رقم الضبط | OSt |
| 005 - وقت وتاريخ اخر تعامل مع التسجيلة | |
| رقم الضبط | 20150408113843.0 |
| 008 - عناصر البيانات ثابتة الطول - معلومات عامة | |
| حقل البيانات ثابتة الطول | 082002s2006 ua g 000 0 ara c |
| 020 ## - الرقم الدولى المعيارى للكتب | |
| الرقم الدولى المعيارى للكتاب | 9773453308 |
| 040 ## - مصدر الفهرسة | |
| وكالة الفهرسة الأصلية | mu |
| لغة الفهرسة | ara |
| وكالة النسخ | mb |
| 041 1# - رمز اللغة | |
| رمز لغة النص/ المسارات الصوتية أو العنوان الانفرادي | ara |
| رمز لغة الترجمات و/او الاصلية المتوسطة للنص | und |
| 072 #7 - رمز الفئه الموضوعية | |
| رمز فئه الموضوع | 004 |
| 082 04 - رقم تصنيف ديوى العشرى | |
| رقم التصنيف | 005.133 |
| رقم الطبعة | 21 |
| 100 1# - المدخل الرئيسى - إسم شخصى | |
| الإسم الشخصى | أورمان، سكوت |
| 9 (RLIN) | 4337 |
| 245 10 - بيان العنوان | |
| العنوان | برمجة بي إل إس كيو إل في أوراكل 9 آي = |
| بقية العنوان | Oracle 9i PL SQL programming / |
| بيان المسئوليه,etc | تأليف سكوت إيرمان ؛ الترجمة باعتماد خالد العامري. |
| 246 31 - العنوان الموازى | |
| عنوان صحيح/عنوان مختصر | Oracle 9i PL SQL programming |
| 250 ## - بيان الطبعة | |
| بيان الطبعة | ط. 1. |
| 260 ## - PUBLICATION, DISTRIBUTION, ETC. (IMPRINT) | |
| مكان الناشر او الموزع | القاهرة : |
| اسم الناشر او الموزع | دار الفاروق للنشر والتوزيع، |
| تاريخ النشر أو التوزيع | 2006 |
| 300 ## - الوصف المادى | |
| التعداد | 976 ص. ؛ |
| أبعاد الوعاء | 24 سم. |
| 650 #7 - المدخل الاضافى بالموضوع-مصطلح موضوعى | |
| مصطلح موضوعي أو اسم جغرافي كعنصر مدخل | أوراكل (لغة برمجة) |
| مصدر الرأس أو المصطلح | aucsh |
| 9 (RLIN) | 4317 |
| 650 #7 - المدخل الاضافى بالموضوع-مصطلح موضوعى | |
| مصطلح موضوعي أو اسم جغرافي كعنصر مدخل | إس كيو إل (لغة برمجة) |
| مصدر الرأس أو المصطلح | aucsh |
| 9 (RLIN) | 4338 |
| 650 #7 - المدخل الاضافى بالموضوع-مصطلح موضوعى | |
| مصطلح موضوعي أو اسم جغرافي كعنصر مدخل | البرمجة (حاسبات إلكترونية) |
| مصدر الرأس أو المصطلح | aucsh |
| 700 1# - المدخل الاضافى - اسم شخصى | |
| الإسم الشخصى | العامري، خالد فاروق |
| الدور | مترجم. |
| 9 (RLIN) | 4339 |
| 942 ## - عناصر المدخل الإضافي( كوها) | |
| مصدر التصنيف او مخطط الترفيف | Dewey Decimal Classification |
| Koha [default] item type | كتاب |
| 949 ## - معلومات معالجة محلية(OCLC) | |
| a | BAHA |
| n | 1 |
| d | 2011/5/30 |
| u | Bahaun3 |
| 949 ## - معلومات معالجة محلية(OCLC) | |
| a | ARUC |
| n | 1 |
| d | 2011/7/13 |
| u | training |
| حالة الفقد | نموذج السعر الفعال | حالة تلف | ليس للاعارة | رقم الطلب | تاريخ الاكتساب | الموقع الحالي | الباركود | الفرع الرئيسي | Date last seen | نوع المادة فى نظام كوها | مصدر التصنيف او خطة الترفيف | Total Checkouts |
|---|---|---|---|---|---|---|---|---|---|---|---|---|
| 2013-03-10 | 005.133 ا س ب | 2011-09-12 | المكتبة المركزية بالمجمعة (CL) | 00041330 | المكتبة المركزية بالمجمعة (CL) | 2013-03-10 | كتاب | Dewey Decimal Classification | ||||
| 2013-03-10 | 005.133 ا س ب | 2011-09-12 | المكتبة المركزية بالمجمعة (CL) | 00041404 | المكتبة المركزية بالمجمعة (CL) | 2013-03-10 | كتاب | Dewey Decimal Classification |
